Effet du triple ensachage du niébé sur le pouvoir de marché des producteurs dans la région nord du Burkina Faso (notice n° 1729511)
[ vue normale ]
| 000 -LEADER | |
|---|---|
| fixed length control field | 01905cam a2200169 4500500 |
| 005 - DATE AND TIME OF LATEST TRANSACTION | |
| control field | 20260322003137.0 |
| 041 ## - LANGUAGE CODE | |
| Language code of text/sound track or separate title | fre |
| 042 ## - AUTHENTICATION CODE | |
| Authentication code | dc |
| 100 10 - MAIN ENTRY--PERSONAL NAME | |
| Personal name | Zongo, Issa |
| Relator term | author |
| 245 00 - TITLE STATEMENT | |
| Title | Effet du triple ensachage du niébé sur le pouvoir de marché des producteurs dans la région nord du Burkina Faso |
| 260 ## - PUBLICATION, DISTRIBUTION, ETC. | |
| Date of publication, distribution, etc. | 2025.<br/> |
| 500 ## - GENERAL NOTE | |
| General note | 52 |
| 520 ## - SUMMARY, ETC. | |
| Summary, etc. | Since the end of the nineteenth century, reading textbooks have played an essential role in French schools. Over the course of the twentieth century, the number of «sports» vignettes in these increasingly illustrated books grew steadily. As a result, certain physical activities, such as cycling, are particularly well represented. Analysis of a corpus of over three hundred textbooks, published between 1880 and 1960, shows that the existence of images depicting this bodily practice is not accidental. Indeed, in these educational booklets, texts and illustrations are far from insignificant. Despite their sometimes entertaining nature, they convey to pupils, explicitly or otherwise, knowledge, values, models, standards, morals, and so on. In order to legitimately take their place in these pedagogical works, representations of cycling must conform to certain criteria: they must never interfere with learning, they must constantly show bodily forms that are considered acceptable in the school context, and so on. The aim of this article is therefore to understand the conditions under which cycling practices appear in school reading materials. To do so, we will analyze the constraints on the visualization of the characters’ bicycle movements, and examine the permanence of certain motifs, such as the fall. |
| 700 10 - ADDED ENTRY--PERSONAL NAME | |
| Personal name | Dabat-Partiot, |
| Relator term | author |
| 786 0# - DATA SOURCE ENTRY | |
| Note | Économie rurale | 394 | 4 | 2025-11-21 | p. 75-92 | 0013-0559 |
| 856 41 - ELECTRONIC LOCATION AND ACCESS | |
| Uniform Resource Identifier | <a href="https://shs.cairn.info/revue-economie-rurale-2025-4-page-75?lang=fr&redirect-ssocas=7080">https://shs.cairn.info/revue-economie-rurale-2025-4-page-75?lang=fr&redirect-ssocas=7080</a> |
Pas d'exemplaire disponible.




Réseaux sociaux